| 000 | 00380nam a2200157 a 4500 | ||
|---|---|---|---|
| 082 | 0 | 0 |
_a201 _bRAL |
| 100 | _aRall, Harrlis Franklin | ||
| 245 | _aChristianity | ||
| 260 |
_aNew York _bCharles Scribner`s Sons, _c1945 |
||
| 300 | _a363p | ||
| 500 | _aincludes index and biblioraphy | ||
| 505 | 2 | _aIndex, Maps | |
| 650 | _aTheology | ||
| 700 | 1 | _aRall, Harrlis Franklin | |
| 942 | _cBK | ||
| 999 |
_c342 _d342 |
||